Normal view MARC view
  • Braian Bradie

Entry Personal Name

Number of records used in: 2

001 - CONTROL NUMBER

  • control field: 12630

003 - CONTROL NUMBER IDENTIFIER

  • control field: NUST

005 - DATE AND TIME OF LATEST TRANSACTION

  • control field: 20181129102135.0

008 - FIXED-LENGTH DATA ELEMENTS

  • fixed length control field: 181129|| aca||aabn | a|a d

040 ## - CATALOGING SOURCE

  • Original cataloging agency: NUST
  • Transcribing agency: NUST

100 ## - HEADING--PERSONAL NAME

  • Personal name: Braian Bradie

670 ## - SOURCE DATA FOUND

  • Source citation: Work cat.: (NUST): Braian Bradie, A Friendly Introduction to Numerical Analysis , 2007
© 2023 Central Library, National University of Sciences and Technology. All Rights Reserved.